000 00167nam a2200073Ia 4500
008 170620s9999 xx 000 0 und d
100 _aSHARMA
245 0 _aTEACHING LEARNING PROCESS
260 _bALFA P
999 _c26576
_d26576